000 00632cab a2200229 4500
001 W2771
008 090401t1992 xxu||||| |||| 00| 0 eng d
035 _a(Sirsi) u59746
041 _aeng
245 _aBuilding in Germany
260 _c1992
350 _a0
490 _aTechnical Export News
_vSeptember 1992, 6(1)
520 _aReview of literature available on the construction industry in Germany from the British Standards Institution.
650 _aBSI
650 _aCONSTRUCTION INDUSTRY
650 _aGERMANY
690 _aBUILT ENVIRONMENT
690 _aOVERSEAS-EUROPE
942 _n0
948 _c04/03/1997
999 _c36714
_d36714